000 01087nam a2200301 4500
003 EG-GICUC
005 20260311014902.0
008 260311b Ua|||||f |||| 00| 0 ara d
017 _a1996/12705
020 _a9771009494
040 _a EG-GICUC
_bara
_c EG-GICUC
_d EG-GICUC
_erda
043 _af-ua---
082 0 4 _221
_a343.93
092 0 4 _221
099 _aLaw1 10 343.93 ع ب . م 3ed - 1996
100 0 _aعبدالوهاب عمر البطراوي
245 1 0 _aمجموعة بحوث جنائية حديثة :
_bمقارنة بين القوانين المعاصرة والفقه الإسلامي
_cعبدالوهاب عمر البطراوي.
264 _aالقاهرة:
_bدار الفكر العربي;
_c1996.
300 _aالجزء الأول
_c24 سم
336 _2rda content
_atext
337 _2rda media
_aComputer
338 _2rda carrier
_aOnline Resource
650 1 4 _aعلم السياسة الجنائية
_2qrmak
651 1 _2qrmak
856 4 0 _uhttps://fll.law.cu.edu.eg/fulltext/bks/B10-08360.pdf
905 _a17
942 _2ddc
_n0
_cBK
_e21
999 _c66000
_d66000